000 00307nam a22001337a 4500
008 170322b xxu||||| |||| 00| 0 eng d
020 _a9780195043570
041 _aeng
080 _23ED
_a616.8
100 _a7
101 _aSHM
245 _aSTRUCTURE OF THE HUMAN BRAIN
_cDEARMOND .S.J
942 _2udc
_cBK
999 _c8386
_d8386